000 00688nam a2200229Ia 4500
005 20241129105756.0
008 241129s9999||||xx |||||||||||||| ||und||
020 _a978-1-5443-3014-3
037 _aTB
040 _aARTS
_beng
_cARTS
041 _aeng
_2eng
084 _aG:55.1 R0
_qARTS
100 _aAxelrod Regina S. Ed.; VanDeveer Stacy D. Ed.
_9724694
245 0 _aGlobal environment: institutions, law and policy
_cAxelrod Regina S. Ed.; VanDeveer Stacy D. Ed.
250 _a5th
260 _aCalifoirnia, USA
_bCalifoirnia Sage
_c2020
300 _axxiii,454p.
365 _aUSD
_b60
650 _aBiology
942 _cTB
_hG:55.1 R0
999 _c1225887
_d1225887